Statistics for British Soaps

Click here to take the quiz!

General Stats

  • This quiz has been taken 522 times
  • The average score is 6 of 7

Answer Stats

HintAnswer% Correct
Set around Albert SquareEastenders
100%
Longest running soapCoronation Street
95%
Set in Leeds in a small villageEmmerdale
95%
Newest of the four biggest soapsHollyoaks
90%
Set in a hospitalHolby City
87%
Set in a hospitalCasualty
85%
Police soapThe Bill
81%

Score Distribution

Percentile by Number Answered

Percent of People with Each Score

Your Score History

You have not taken this quiz